Massachusetts by Picture - Statistics

General Stats
  • This quiz has been taken 452 times
  • The average score is 14 of 18
Answer Stats
Picture Hint Answer % Correct
university Harvard
97%
holiday Thanksgiving
97%
island {Martha}'s Vineyard
94%
company Dunkin' Donuts
90%
historic ship Mayflower
89%
peninsula Cape Cod
88%
president John Adams
88%
fruit Cranberries
85%
Red Sox venue Fenway Park
85%
actor Matt Damon
84%
island Nantucket
78%
oldest public park in the US Boston {Common}
71%
city Cambridge
62%
members of a swift colonial militia Minute Men
56%
suffragist born in Massachusetts Susan B. Anthony
54%
city Springfield
50%
mountainous region The {Berkshire}s
47%
city Lowell
43%
No matching quizzes found
Score Distribution
Percent of People with Each Score
Percentile by Number Answered
Your Score History
You have not taken this quiz